[Event "2011 SC Site Championship, Pre Round, Round 3"]
[Site "SchemingMind.com"]
[Date "2010.11.11"]
[Round "3"]
[White "mochiron"]
[Black "Olli Ylönen"]
[Result "0-1"]
[WhiteCountry "JPN"]
[BlackCountry "FIN"]
[WhiteElo "1458"]
[WhiteRD "70"]
[BlackElo "1640"]
[BlackRD "55"]
[GameID "266210"]

1. d4 e6 2. Bf4 c5 3. Nf3 Nc6 4. e3 Nf6 5. Bd3 Qb6 6. Nc3 Qxb2 7. Ne2 Qa3 8. O-O cxd4 9. e4 g6 10. Nexd4 Nxd4
11. Nxd4 d5 12. Be5 Bg7 13. exd5 exd5 14. Bxf6 Bxf6 15. Re1+ Kf8 16. Nb5 Qc5 17. Rb1 Kg7 18. c4 dxc4 19. Bc2 a6 20. h3 axb5
21. Qf3 Qc6 22. Be4 Qb6 23. Bd5 Rf8 24. Re7 Bxe7 25. Re1 Bc5 26. Kh1 Bxf2 27. Re7 Qf6 28. Qe2 Bh4 29. Re4 Bg3 30. Qe3 Qf1+
31. Qg1 Qxg1+ 32. Kxg1 Rxa2 33. Kf1 Ra1+ 34. Ke2= Re1+ 35. Kf3 Rxe4 36. Bxe4 Re8 37. Kxg3 Rxe4 38. Kf3 Bxh3 39. Kxe4 Bxg2+
0-1

[Event "2011 SC Site Championship, Pre Round, Round 3"]
[Site "SchemingMind.com"]
[Date "2010.11.10"]
[Round "3"]
[White "Number34"]
[Black "cleverman"]
[Result "1-0"]
[WhiteCountry "USA"]
[BlackCountry "USA"]
[WhiteElo "2368"]
[WhiteRD "68"]
[BlackElo "1776"]
[BlackRD "117"]
[GameID "266211"]

1. e4 c5 2. Nf3 d6 3. d4 cxd4 4. Nxd4 Nf6 5. Nc3 g6 6. h3 Bg7 7. Be3 O-O 8. Qd2 Nbd7 9. O-O-O Nc5 10. f3 Be6
11. Nxe6 Nxe6 12. Kb1 Rc8 13. h4 a6 14. Nd5 Nxd5 15. exd5 Nc5 16. h5 Qb6 17. c3 Qc7 18. g3 b5 19. hxg6 fxg6 20. Bh3 Nd7
21. Be6+ Kh8 22. Rxh7+
1-0

[Event "2011 SC Site Championship, Pre Round, Round 3"]
[Site "SchemingMind.com"]
[Date "2010.11.11"]
[Round "3"]
[White "Olli Ylönen"]
[Black "Tanis"]
[Result "0-1"]
[WhiteCountry "FIN"]
[BlackCountry "CHN"]
[WhiteElo "1570"]
[WhiteRD "57"]
[BlackElo "2042"]
[BlackRD "81"]
[GameID "266213"]

1. e4 e6 2. d4 d5 3. Nc3 Bb4 4. e5 c5 5. a3 Bxc3+ 6. bxc3 Ne7 7. Qg4 O-O 8. Bd3 f5 9. exf6 Rxf6 10. Bg5 Rf7
11. Qh5 g6 12. Qd1 Qa5 13. Bd2 Nbc6 14. Nf3 Bd7 15. O-O Nf5 16. Ng5 Rff8 17. c4 Qa4 18. cxd5 exd5 19. dxc5 Ne5 20. c6 bxc6
21. Nf3 Nxd3 22. cxd3 c5 23. Qxa4 Bxa4 24. g4 Nd6 25. Kg2 Bb5 26. Ne5 Rfe8 27. Rfe1 Nf7 28. Nxf7 Kxf7 29. Re3 Rxe3 30. Bxe3 d4
31. Bd2 Bxd3 32. f4 Re8 33. Re1 Rxe1 34. Bxe1 Ke6 35. Kf3 c4
0-1

[Event "2011 SC Site Championship, Pre Round, Round 3"]
[Site "SchemingMind.com"]
[Date "2010.11.07"]
[Round "3"]
[White "Orhany24"]
[Black "pawngrabber"]
[Result "0-1"]
[WhiteCountry "TUR"]
[BlackCountry "ENG"]
[WhiteElo "1770"]
[WhiteRD "66"]
[BlackElo "1939"]
[BlackRD "79"]
[GameID "266216"]

1. d4 Nf6 2. c4 e6 3. a3 d5 4. cxd5 exd5 5. Nc3 Be7 6. Nf3 O-O 7. Bg5 Ne4 8. Bxe7 Qxe7 9. e3 c6 10. h3 f5
11. Bd3 Nd7 12. O-O Ndf6 13. Ne5 Nd7 14. f4 Rf6 15. Nxe4 fxe4 16. Be2 Nxe5 17. fxe5 Rg6 18. Kh1 Qg5 19. Bg4 h5
0-1

[Event "2011 SC Site Championship, Pre Round, Round 3"]
[Site "SchemingMind.com"]
[Date "2010.11.11"]
[Round "3"]
[White "palaciorep"]
[Black "Tumbleweed"]
[Result "1-0"]
[WhiteCountry "ARG"]
[BlackCountry "ENG"]
[WhiteElo "1643"]
[WhiteRD "93"]
[BlackElo "1319"]
[BlackRD "107"]
[GameID "266217"]

1. e4 e5 2. Nf3 Nc6 3. Bb5 a6 4. Bxc6 dxc6 5. O-O Qd6 6. Nc3 Nf6 7. d3 c5 8. Be3 b5 9. Ne2 Be6 10. b3 Rd8
11. Bg5 Be7 12. Bxf6 Bxf6 13. h3 O-O 14. Ne1 c4 15. bxc4 bxc4 16. Ng3 cxd3 17. cxd3 Qd4 18. Nh5 Bg5 19. a3 g6 20. Ng3 Qb2
21. Nf3 Bb3 22. Qb1 Qc3 23. Nxg5 Qxd3 24. Qxd3 Rxd3 25. Rac1 Rd7 26. Nf3 Rc8 27. Nxe5 Rd2 28. Nc6 Rc2 29. Rxc2 Bxc2 30. Ne7+
1-0

[Event "2011 SC Site Championship, Pre Round, Round 3"]
[Site "SchemingMind.com"]
[Date "2010.11.11"]
[Round "3"]
[White "PankracyRozumek"]
[Black "Mitchell-in"]
[Result "1-0"]
[WhiteCountry "POL"]
[BlackCountry "ENG"]
[WhiteElo "1843"]
[WhiteRD "85"]
[BlackElo "1868"]
[BlackRD "69"]
[GameID "266218"]

1. e4 c6 2. c4 d5 3. cxd5 cxd5 4. exd5 Nf6 5. Nc3 g6 6. d4 Bg7 7. Bc4 O-O 8. Nf3 Nbd7 9. O-O Nb6 10. Bb3 Bg4
11. h3 Bxf3 12. Qxf3 Qd7 13. Bg5 Rfc8 14. Rfe1 Rd8 15. Rad1 h6 16. Bh4 a5 17. a4 Nbxd5 18. Nxd5 Nxd5 19. Bxd5 Qxd5 20. Qxd5 Rxd5
21. Rxe7 Bxd4 22. Kf1 b6 23. Re4 g5 24. Bxg5 hxg5 25. Rexd4 Rxd4 26. Rxd4 Rb8 27. Rd5 f6 28. Ke2 Kf7 29. Kd3 Ke6 30. Rb5 Kd6
31. Ke4 Ke6 32. f4 gxf4 33. Kxf4 Rb7 34. h4 Kf7 35. h5 Rb8 36. Kf5 Rh8 37. g4 Rb8 38. Rd5 Ke7 39. h6 Rh8 40. Kg6 Rg8+
41. Kh5 Ke6 42. Rb5 Kf7 43. h7 Rh8 44. Kh6 Rb8 45. Rf5 Ke6 46. Kg7 Rb7+ 47. Kg6 Rb8 48. Rxf6+ Ke7 49. Rf7+ Ke6 50. Kg7 Rh8
51. Rf8
1-0

[Event "2011 SC Site Championship, Pre Round, Round 3"]
[Site "SchemingMind.com"]
[Date "2010.11.11"]
[Round "3"]
[White "paradox"]
[Black "Arthur Wilding"]
[Result "1-0"]
[WhiteCountry "GER"]
[BlackCountry "WLS"]
[WhiteElo "2132"]
[WhiteRD "120"]
[BlackElo "1324"]
[BlackRD "74"]
[GameID "266219"]

1. Nf3 Nc6 2. g3 Nf6 3. Bg2 d6 4. O-O e5 5. d3 Be7 6. Nbd2 Nd7 7. c4 O-O 8. Ne4 b6 9. Nc3 Rb8 10. Nd5 Nf6
11. Bd2 Nxd5 12. cxd5 Nd4 13. Nxd4 exd4 14. Qa4 a5 15. Qxd4 Bf6 16. Qc4 Bxb2 17. Rab1 b5 18. Qc2 Be5 19. Bxa5 Rb7 20. Rfc1 Qd7
21. e3 Re8 22. d4 Bf6 23. Bxc7 Re7 24. Bxd6 Re8 25. Bb4 Rb8 26. Qc6 Rb7 27. d6 Rb8 28. Qc7 Qxc7 29. dxc7 Rb7 30. Bc6
1-0

[Event "2011 SC Site Championship, Pre Round, Round 3"]
[Site "SchemingMind.com"]
[Date "2010.11.08"]
[Round "3"]
[White "pawngrabber"]
[Black "Louis Lima"]
[Result "1/2-1/2"]
[WhiteCountry "ENG"]
[BlackCountry "ESP"]
[WhiteElo "1939"]
[WhiteRD "79"]
[BlackElo "1911"]
[BlackRD "68"]
[GameID "266220"]

1. d4 Nf6 2. c4 e6 3. Nf3 c5 4. dxc5 Bxc5 5. e3 O-O 6. Be2 d5 7. O-O Nc6 8. Nc3 dxc4 9. Bxc4 a6 10. a4 Qc7
11. Bd2 Rd8 12. Qe2 b6 13. Rfd1 Bb7=
1/2-1/2

[Event "2011 SC Site Championship, Pre Round, Round 3"]
[Site "SchemingMind.com"]
[Date "2010.11.07"]
[Round "3"]
[White "PawnPusherPete"]
[Black "Andreas Flato"]
[Result "1-0"]
[WhiteCountry "ENG"]
[BlackCountry "GER"]
[WhiteElo "2264"]
[WhiteRD "77"]
[BlackElo "1763"]
[BlackRD "74"]
[GameID "266221"]

1. e4 Nf6 2. e5 Nd5 3. c4 Nb6 4. Nf3 e6 5. d4 Nc6 6. Nc3 Bb4 7. Bd3 d5 8. c5 Nd7 9. O-O Bxc3 10. bxc3 b6
11. Qa4 Ne7 12. cxb6 cxb6 13. Bg5 O-O 14. Qc2 h6 15. Bh4 Qe8 16. a4 f5 17. exf6 Nxf6 18. Rfe1 Bd7 19. Bg3 Nc6 20. Bd6 Ne7
21. Ne5 Ne4 22. Rxe4 dxe4 23. Bxe4 Rc8 24. Bxe7 Qxe7 25. Bh7+
1-0

[Event "2011 SC Site Championship, Pre Round, Round 3"]
[Site "SchemingMind.com"]
[Date "2010.11.06"]
[Round "3"]
[White "pclaxton"]
[Black "DeepGreene"]
[Result "1-0"]
[WhiteCountry "ENG"]
[BlackCountry "CAN"]
[WhiteElo "1261"]
[WhiteRD "60"]
[BlackElo "1540"]
[BlackRD "134"]
[GameID "266222"]

1. e4 c6 2. f3 d5 3. exd5 cxd5 4. d4 Bf5 5. Bd3 Bxd3 6. Qxd3 e6 7. c3 Nf6 8. Bg5 Nbd7 9. Qb5 b6 10. Bxf6 Qxf6
11. Nd2 Bd6 12. g3 Qe7 13. f4 O-O 14. Ngf3 Rac8 15. O-O-O
1-0

[Event "2011 SC Site Championship, Pre Round, Round 3"]
[Site "SchemingMind.com"]
[Date "2010.11.09"]
[Round "3"]
[White "pjl1015"]
[Black "Baeron"]
[Result "1-0"]
[WhiteCountry "USA"]
[BlackCountry "SUI"]
[WhiteElo "2524"]
[WhiteRD "114"]
[BlackElo "2047"]
[BlackRD "97"]
[GameID "266223"]

1. Nf3 Nf6 2. d4 e6 3. c4 b6 4. Nc3 Bb4 5. Qb3 c5 6. a3 Ba5 7. Bg5 Bb7 8. O-O-O Bxc3 9. Qxc3 Ne4 10. Bxd8 Nxc3
11. bxc3 Kxd8 12. d5 Ke7 13. d6+ Kf6 14. h4 Nc6 15. e4 g6 16. Rg1 h6 17. g3 Rad8 18. h5 g5 19. Nh2 Na5 20. f3 Kg7
21. e5 f5 22. f4 g4= 23. Be2 Ba6 24. Nf1 Bxc4 25. Bxc4 Nxc4 26. Nd2 b5 27. Nxc4 bxc4 28. Kc2 Rb8 29. Rb1 Kf7 30. a4 Rhc8
31. a5 a6 32. Rb6
1-0

[Event "2011 SC Site Championship, Pre Round, Round 3"]
[Site "SchemingMind.com"]
[Date "2010.11.10"]
[Round "3"]
[White "Quaff"]
[Black "BigB"]
[Result "0-1"]
[WhiteCountry "ENG"]
[BlackCountry "SVK"]
[WhiteElo "1638"]
[WhiteRD "92"]
[BlackElo "2414"]
[BlackRD "94"]
[GameID "266224"]

1. e4 c5 2. f4 d5 3. e5 Nc6 4. Nf3 Bg4 5. Bb5 e6 6. O-O Ne7 7. d3 Qb6 8. Bxc6+ Nxc6 9. c3 Be7 10. Nbd2 O-O
11. Qb3 Qa6 12. Qc2 Bf5 13. Ne1 c4 14. Rf3 cxd3 15. Nxd3 Rac8 16. Qb1 f6 17. Nb3 fxe5 18. fxe5 Nxe5 19. Rxf5 Rxf5 20. Nxe5 Qf1#
0-1

[Event "2011 SC Site Championship, Pre Round, Round 3"]
[Site "SchemingMind.com"]
[Date "2010.11.11"]
[Round "3"]
[White "Quirine"]
[Black "memet"]
[Result "0-1"]
[WhiteCountry "NED"]
[BlackCountry "TUR"]
[WhiteElo "1873"]
[WhiteRD "84"]
[BlackElo "1631"]
[BlackRD "73"]
[GameID "266225"]

1. d4 Nf6 2. Nf3 d5 3. c4 Bg4 4. Ne5 Bh5 5. Qb3 b6 6. Nc3 e6 7. e3 a5 8. cxd5 Nxd5 9. Bb5+ Ke7 10. Nc6+ Nxc6
11. Bxc6 Rc8 12. Bxd5 exd5 13. Nxd5+ Ke8 14. Nf4 Bb4+ 15. Kf1 Bg4 16. a3 Be7
0-1

[Event "2011 SC Site Championship, Pre Round, Round 3"]
[Site "SchemingMind.com"]
[Date "2010.11.06"]
[Round "3"]
[White "Raimondi"]
[Black "Thomas Meehan"]
[Result "0-1"]
[WhiteCountry "PER"]
[BlackCountry "ENG"]
[WhiteElo "1659"]
[WhiteRD "87"]
[BlackElo "1694"]
[BlackRD "97"]
[GameID "266226"]

1. e4 e6 2. d4 d5 3. Nc3 Bb4 4. e5 Ne7 5. a3 Bxc3+ 6. bxc3 O-O 7. h4 Nd7 8. Bd3 c6 9. g4 Qa5 10. Bd2 b6
11. h5 Ba6 12. g5 Bxd3 13. cxd3 Nf5 14. Qg4 g6 15. Nf3 Qa4 16. Nh4 Nxe5 17. Qh3 Nxh4 18. Qxh4 Nf3+
0-1

[Event "2011 SC Site Championship, Pre Round, Round 3"]
[Site "SchemingMind.com"]
[Date "2010.11.11"]
[Round "3"]
[White "reptile"]
[Black "Uzi Mike"]
[Result "0-1"]
[WhiteCountry "ISR"]
[BlackCountry "USA"]
[WhiteElo "2040"]
[WhiteRD "79"]
[BlackElo "2263"]
[BlackRD "73"]
[GameID "266227"]

1. d4 Nf6 2. c4 e6 3. Nc3 Bb4 4. e3 c5 5. Nf3 O-O 6. Bd3 d5 7. O-O Nc6 8. a3 Bxc3 9. bxc3 dxc4 10. Bxc4 Qc7
11. Bd3 e5 12. dxe5 Nxe5 13. Be2 Rd8 14. Qc2 Nxf3+ 15. Bxf3 Bg4 16. Qe2 Bxf3 17. Qxf3 c4 18. Rb1 Rd5 19. a4 Re8 20. Rd1 Rxd1+
21. Qxd1 Rd8 22. Qc2 Ng4 23. g3 Qc6 24. e4 Rd3 25. Qe2 Nf6 26. f3 Rxc3 27. Bb2 Rb3 28. Rc1 Qb6+
0-1

[Event "2011 SC Site Championship, Pre Round, Round 3"]
[Site "SchemingMind.com"]
[Date "2010.11.08"]
[Round "3"]
[White "robertoi72"]
[Black "Clive Everill"]
[Result "1-0"]
[WhiteCountry "ITA"]
[BlackCountry "CZE"]
[WhiteElo "1898"]
[WhiteRD "106"]
[BlackElo "1689"]
[BlackRD "50"]
[GameID "266228"]

1. d4 f5 2. g3 Nf6 3. Bg2 c6 4. Nf3 g6 5. O-O Bg7 6. c4 d5 7. Nc3 O-O 8. Qb3 Qb6 9. Bf4 Nh5 10. Ne5 Nxf4
11. gxf4 Qxd4 12. cxd5 Bxe5 13. dxc6+ e6 14. cxb7 Qxf4 15. Rfd1 Qxh2+ 16. Kf1 Bxb7 17. Bxb7 Nc6 18. Qxe6+ Kg7 19. Rd7+ Kh6 20. Bxc6 Rae8
21. Qc4 f4 22. Qe4 Bxc3 23. Qg2 Qh5 24. bxc3 Qxe2+ 25. Kg1 Re5 26. Bf3 Qb5 27. Qh3+ Rh5 28. Bxh5 Qxh5 29. Qxh5+ gxh5 30. Re1 Rg8+
31. Kh2 Rg4 32. Re6+ Kg5 33. Kh3 Rh4+ 34. Kg2 Rg4+ 35. Kf1 Rh4 36. Rxh7 f3 37. Rg7+ Kf5 38. Ra6 Rc4 39. Ke1 Rxc3 40. Kd2 Rc4
41. Ke3 Rc3+ 42. Kd4 Rc2 43. Rf7+ Kg4 44. Rg6+ Kh4 45. Rf4+ Kh3 46. Rg3+
1-0

[Event "2011 SC Site Championship, Pre Round, Round 3"]
[Site "SchemingMind.com"]
[Date "2010.11.11"]
[Round "3"]
[White "roscoe"]
[Black "palaciorep"]
[Result "1/2-1/2"]
[WhiteCountry "USA"]
[BlackCountry "ARG"]
[WhiteElo "1439"]
[WhiteRD "93"]
[BlackElo "1664"]
[BlackRD "92"]
[GameID "266229"]

1. Nf3 Nc6 2. d4 d5 3. g3 Nf6 4. Bg2 Bg4 5. O-O Qd7 6. Nbd2 O-O-O 7. Ng5 Be6 8. Nxe6 Qxe6 9. b3 Nxd4 10. e3 Nb5
11. Bb2 d4 12. Qf3 c6 13. h4 d3 14. c4 Nc7 15. Rfe1 Qd7 16. Bxf6 exf6 17. a3 Ne6 18. Bh3 Be7 19. b4 g6 20. Rad1 f5
21. e4 Nd4 22. Qxd3 Qc7 23. Nf3 Nxf3+ 24. Qxf3 Rxd1 25. Rxd1 Rd8 26. Rxd8+ Kxd8 27. Qd3+ Ke8 28. c5 f4 29. Qf3 fxg3 30. fxg3 Qe5
31. Kh2 a6 32. Bc8 Qc7 33. Bh3 b6 34. cxb6 Qxb6 35. e5 c5 36. Qe3 h5 37. e6 f6 38. Bg2 Bf8 39. Kh3 Qc7 40. Bf1 Qc8
41. Bd3 f5 42. Qe5 Qc6 43. Kh2=
1/2-1/2

[Event "2011 SC Site Championship, Pre Round, Round 3"]
[Site "SchemingMind.com"]
[Date "2010.11.11"]
[Round "3"]
[White "saxon"]
[Black "Girkassa"]
[Result "1-0"]
[WhiteCountry "GER"]
[BlackCountry "NOR"]
[WhiteElo "2448"]
[WhiteRD "109"]
[BlackElo "2087"]
[BlackRD "80"]
[GameID "266230"]

1. e4 e5 2. Nf3 Nc6 3. Bb5 a6 4. Ba4 Nf6 5. O-O Be7 6. Bxc6 dxc6 7. d3 Nd7 8. Nbd2 O-O 9. Nc4 f6 10. Nh4 Nc5
11. Nf5 Bxf5 12. exf5 Qd5 13. Re1 Rfe8 14. Qg4 Rad8 15. Bd2 Bf8 16. Bc3 Qf7 17. Nd2 Rd5 18. b3 a5 19. Ne4 Red8 20. Ng3 Na6
21. a3 Bc5 22. Ne2 Qf8 23. Bb2 R5d7 24. d4 Bxd4 25. Bxd4 exd4 26. Nf4 Re8 27. Ne6 Rde7 28. Re2 Qf7 29. Rae1 g6 30. h4 Kh8
31. Ng5 Qg7 32. fxg6 Rxe2 33. Rxe2 Qxg6 34. h5 Qg8 35. Qf5
1-0

[Event "2011 SC Site Championship, Pre Round, Round 3"]
[Site "SchemingMind.com"]
[Date "2010.11.07"]
[Round "3"]
[White "sdreichert"]
[Black "Fiesty 50"]
[Result "0-1"]
[WhiteCountry "USA"]
[BlackCountry "ENG"]
[WhiteElo "1439"]
[WhiteRD "102"]
[BlackElo "2172"]
[BlackRD "104"]
[GameID "266231"]

1. d4 e6 2. Nf3 d5 3. e3 Nf6 4. Bd3 Be7 5. O-O O-O 6. b3 c5 7. dxc5 Bxc5 8. Bb2 Nc6 9. Nbd2 Nb4 10. Ne5 Nxd3
11. cxd3 Bd6 12. d4 Qe7 13. Qf3 Bd7 14. Rfe1 Rac8 15. Rac1 Ba3 16. Rxc8 Rxc8 17. Nxd7 Nxd7 18. Ba1 Qb4 19. Qe2 Rc2
0-1

[Event "2011 SC Site Championship, Pre Round, Round 3"]
[Site "SchemingMind.com"]
[Date "2010.11.07"]
[Round "3"]
[White "sibelius"]
[Black "BishopVesey"]
[Result "0-1"]
[WhiteCountry "USA"]
[BlackCountry "ENG"]
[WhiteElo "2305"]
[WhiteRD "79"]
[BlackElo "2387"]
[BlackRD "82"]
[GameID "266232"]

1. e4 c5 2. Nc3 a6 3. Nf3 e6 4. d4 cxd4 5. Nxd4 Nc6 6. Be2 Qc7 7. f4 b5 8. Nxc6 Qxc6 9. Bd3 b4 10. Ne2 Bc5
11. Ng3 Bb7 12. Qg4 g6 13. Qe2 Qb6 14. Bd2 a5 15. O-O-O a4 16. Bb5 Ne7 17. c3 bxc3 18. Bxc3 O-O 19. Rxd7 Bc8 20. Rdd1 Nc6
21. Bxc6 Qxc6 22. Kb1 a3 23. b3 Ba6 24. Qc2 Rac8 25. Ba5 Be3 26. Qxc6 Rxc6 27. Rd7 Bxf4 28. Rhd1 Rfc8 29. Bd2 e5 30. Bxf4 exf4
31. Nh1 Kg7 32. R7d2 Rc3 33. Nf2 h6 34. Nd3 Bb7 35. Re2 g5 36. Nf2 h5 37. Nd3 Rd8 38. Nf2 Rxd1+ 39. Nxd1 Rc7 40. Nf2 f5
41. exf5 Bxg2 42. Re6 Rc6 43. Re8 Kf6 44. Rf8+ Ke5 45. b4 Bd5 46. b5 Rb6 47. Kc1 Rxb5 48. f6 Bxa2 49. Nd3+ Kf5 50. Ra8 Rb1+
51. Kd2 Rh1 52. h3 Rxh3 53. Nf2 Rf3 54. Ra5+ Kg6 55. Ne4 g4 56. Rg5+ Kh6 57. Rc5 g3 58. Nd6 Rf2+
0-1

[Event "2011 SC Site Championship, Pre Round, Round 3"]
[Site "SchemingMind.com"]
[Date "2010.11.06"]
[Round "3"]
[White "simon_w"]
[Black "Ingemar Assarsjö"]
[Result "1/2-1/2"]
[WhiteCountry "IRL"]
[BlackCountry "SWE"]
[WhiteElo "1874"]
[WhiteRD "79"]
[BlackElo "1806"]
[BlackRD "79"]
[GameID "266233"]

1. e4 e5 2. Nf3 Nc6 3. Bc4 Bc5 4. c3 Nf6 5. d3 d6 6. b4 Bb6 7. a4 a6 8. Nbd2 O-O 9. O-O Be6 10. Bxe6 fxe6
11. Nc4 Ba7 12. Ra2 b5 13. Na3 Bb6 14. Ng5 Qd7 15. Qb3 bxa4 16. Qxa4 h6 17. Nf3 Nd4 18. Qxd7 Nxf3+ 19. gxf3 Nxd7 20. f4 exf4
21. Nc4 g5 22. Nxb6 cxb6 23. f3 Ne5 24. Rd2 a5 25. Ba3 a4 26. b5 Rfd8 27. Kf2 Kf7 28. Bb2 Ra5 29. c4 Nd7 30. Bc3 Ra7
31. Bb4 Nc5 32. Bxc5 dxc5 33. Ke2 Kf6 34. h3 a3 35. Ra2 Ke5 36. Rfa1 Rda8 37. Kd2 Ra4 38. Kc3 Kf6 39. Rd1 e5 40. Rb1 Kg6
41. Rg1 Rg8 42. Kd2 Rd8=
1/2-1/2

[Event "2011 SC Site Championship, Pre Round, Round 3"]
[Site "SchemingMind.com"]
[Date "2010.11.07"]
[Round "3"]
[White "soundso"]
[Black "Ursus"]
[Result "1-0"]
[WhiteCountry "USA"]
[BlackCountry "INT"]
[WhiteElo "1864"]
[WhiteRD "88"]
[BlackElo "1708"]
[BlackRD "98"]
[GameID "266234"]

1. f4 d5 2. Nf3 Nf6 3. g3 b6 4. Bg2 Bb7 5. b3 d4 6. d3 e6 7. O-O Nd5 8. Kh1 Ne3 9. Bxe3 dxe3 10. Nc3 Bb4
11. Ne4 h6 12. a3 Be7 13. Qc1 f5 14. Nc3 Bf6 15. Ne5 Bxg2+ 16. Kxg2 Qd4 17. Ng6 Rg8 18. Na2 Qd5+ 19. Rf3 Bxa1 20. Qxa1 Nd7
21. Nb4 Qd6 22. Rxe3 c5 23. Na6 Qd5+ 24. Kg1 Qb7 25. Rxe6+ Kf7 26. Rd6 Qxa6 27. Ne5+ Nxe5 28. Qxe5 Qc8 29. Qd5+ Kf8 30. Rc6 Qd8
31. Qxf5+ Ke8 32. Re6+ Kd7 33. Rxb6+ Kc7 34. Qxc5+ Kd7 35. Rd6+ Ke8 36. Rxd8+ Kxd8 37. Qd5+ Ke7 38. e4
1-0

[Event "2011 SC Site Championship, Pre Round, Round 3"]
[Site "SchemingMind.com"]
[Date "2010.11.10"]
[Round "3"]
[White "SpeedRacer"]
[Black "saxon"]
[Result "0-1"]
[WhiteCountry "USA"]
[BlackCountry "GER"]
[WhiteElo "1700"]
[WhiteRD "131"]
[BlackElo "2476"]
[BlackRD "109"]
[GameID "266235"]

1. e4 c5 2. Nf3 d6 3. d4 cxd4 4. Nxd4 Nf6 5. Nc3 a6 6. Be3 e5 7. Nb3 Be6 8. f3 h5 9. Nd5 Bxd5 10. exd5 Nbd7
11. Qd2 Qc7 12. Bd3 Nxd5 13. Bf2 Nf4 14. O-O Be7 15. Bf5 g6 16. Bxd7+ Qxd7 17. Na5 O-O 18. Rad1 Rac8 19. b3 Qc7 20. c4 b6
21. c5 dxc5 22. Qd7 bxa5 23. Qxc7 Rxc7 24. Rfe1 f6 25. h3 a4 26. Kh2 axb3 27. axb3 Rb8 28. Re3 c4 29. bxc4 Rb2 30. Bg3 Rxg2+
31. Kh1 Rxg3 32. Rc1 Rxh3+ 33. Kg1 Bc5 34. Re1 Rxf3 35. Kh2 Bxe3 36. c5 Rh3#
0-1

[Event "2011 SC Site Championship, Pre Round, Round 3"]
[Site "SchemingMind.com"]
[Date "2010.11.07"]
[Round "3"]
[White "spoke"]
[Black "Boxofrogs"]
[Result "1-0"]
[WhiteCountry "GER"]
[BlackCountry "ENG"]
[WhiteElo "1710"]
[WhiteRD "68"]
[BlackElo "1288"]
[BlackRD "114"]
[GameID "266236"]

1. e4 e5 2. Nf3 Nf6 3. Nc3 Nc6 4. Bb5 Bb4 5. O-O O-O 6. d3 d6 7. Bg5 Bg4 8. Bxc6 bxc6 9. Na4 Rb8 10. c3 Bxf3
11. Qxf3 h6 12. Bxf6 gxf6 13. cxb4 Rxb4 14. b3 Kh7 15. Qf5+ Kg7 16. f4 Rg8 17. fxe5 Kf8 18. Qxf6 Ke8 19. Qxf7#
1-0

[Event "2011 SC Site Championship, Pre Round, Round 3"]
[Site "SchemingMind.com"]
[Date "2010.11.07"]
[Round "3"]
[White "Spottdrossel"]
[Black "loco61"]
[Result "1-0"]
[WhiteCountry "GER"]
[BlackCountry "ENG"]
[WhiteElo "1879"]
[WhiteRD "71"]
[BlackElo "1605"]
[BlackRD "64"]
[GameID "266237"]

1. c4 e5 2. Nc3 Nf6 3. Nf3 Nc6 4. g3 Bc5 5. Bg2 d6 6. d3 Be6 7. O-O Qd7 8. Bg5 h6 9. Bxf6 gxf6 10. Nd5 Bxd5
11. cxd5 Ne7 12. Nd2 O-O-O 13. a3 f5 14. b4 Bb6 15. Nc4 Rdg8 16. Nxb6+ axb6 17. Qc2 c5 18. dxc6 bxc6 19. Rfc1 Kc7 20. b5 c5
21. a4 f4 22. Qb3 Nc8 23. Bc6 Qh3 24. Qxf7+ Kd8 25. Qf6+ Kc7 26. a5 Rf8 27. axb6+ Kxb6 28. Qg7
1-0

[Event "2011 SC Site Championship, Pre Round, Round 3"]
[Site "SchemingMind.com"]
[Date "2010.11.08"]
[Round "3"]
[White "startstek"]
[Black "ampp"]
[Result "1-0"]
[WhiteCountry "ALG"]
[BlackCountry "POR"]
[WhiteElo "1977"]
[WhiteRD "90"]
[BlackElo "1281"]
[BlackRD "53"]
[GameID "266238"]

1. e4 d6 2. d4 g6 3. Nc3 Bg7 4. Be3 Nc6 5. Qd2 Nf6 6. f3 O-O 7. O-O-O e5 8. Nge2 exd4 9. Nxd4 Nxd4 10. Bxd4 c5
11. Bxc5 dxc5 12. Qxd8 Rxd8 13. Rxd8+ Bf8 14. g3 Kg7 15. Bh3 Be7 16. Rxc8
1-0

[Event "2011 SC Site Championship, Pre Round, Round 3"]
[Site "SchemingMind.com"]
[Date "2010.11.11"]
[Round "3"]
[White "sthorwall"]
[Black "wilfried"]
[Result "0-1"]
[WhiteCountry "USA"]
[BlackCountry "GER"]
[WhiteElo "2201"]
[WhiteRD "91"]
[BlackElo "2463"]
[BlackRD "109"]
[GameID "266239"]

1. e4 c5 2. b4 cxb4 3. a3 Nf6 4. e5 Nd5 5. axb4 d6 6. Nf3 Nc6 7. c3 Nxe5 8. d4 Nxf3+ 9. Qxf3 e6 10. Bc4 Qf6
11. Bb5+ Bd7 12. Bxd7+ Kxd7 13. Qd3 a6 14. O-O Qf5 15. Qe2 Be7 16. f4 h5 17. Bd2 Rhc8 18. c4 Bf6 19. Kh1 Ne7 20. Nc3 Bxd4
21. Rac1 b5 22. cxb5 Bxc3 23. Bxc3 Qxb5 24. Qb2 g6 25. Rcd1 Nf5 26. Bd2 Ke7 27. Rf3 a5 28. Re1 Rc4
0-1

[Event "2011 SC Site Championship, Pre Round, Round 3"]
[Site "SchemingMind.com"]
[Date "2010.11.07"]
[Round "3"]
[White "Tanis"]
[Black "chesshub"]
[Result "0-1"]
[WhiteCountry "CHN"]
[BlackCountry "FRA"]
[WhiteElo "2042"]
[WhiteRD "81"]
[BlackElo "2425"]
[BlackRD "79"]
[GameID "266240"]

1. e4 e5 2. Nf3 Nc6 3. Bb5 a6 4. Ba4 Nf6 5. O-O Be7 6. Re1 b5 7. Bb3 d6 8. h3 O-O 9. a3 Bb7 10. d3 Na5
11. Ba2 c5 12. Nbd2 Bc8 13. b4 Nc6 14. bxc5 dxc5 15. Bb2 Qd6 16. Bd5 Nxd5 17. exd5 Qxd5 18. Nxe5 Re8 19. c4 Qe6 20. Rc1 Bb7
21. cxb5 axb5 22. Nef3 Qd5 23. Qb3 Na5 24. Qc3 f6 25. d4 b4 26. axb4 cxb4 27. Qe3 Qa2 28. Qe6+ Qxe6 29. Rxe6 Kf7 30. Rb6 Rec8
31. Rxc8 Rxc8 32. Ne1 Rc6 33. Rb5 Re6 34. Nef3 Bxf3 35. Nxf3 Nc4 36. Bc1 Ra6 37. Bf4 g5 38. Bg3 Ra3 39. Rb8 b3 40. Kf1 b2
41. Ke2 Ra4 42. Kd3 Rb4 43. Rxb4 Bxb4 44. Kc2 Ke6 45. Kb1 Bc3
0-1

[Event "2011 SC Site Championship, Pre Round, Round 3"]
[Site "SchemingMind.com"]
[Date "2010.11.06"]
[Round "3"]
[White "The Capitalist"]
[Black "Will Grummitt"]
[Result "0-1"]
[WhiteCountry "USA"]
[BlackCountry "ENG"]
[WhiteElo "1459"]
[WhiteRD "72"]
[BlackElo "1694"]
[BlackRD "55"]
[GameID "266241"]

1. e4 e6 2. d4 d5 3. Nc3 Nf6 4. Bg5 dxe4 5. Nxe4 Be7 6. Bxf6 Bxf6 7. Nf3 Nd7 8. Qd2 O-O 9. O-O-O b6 10. Qf4 Bb7
11. Bd3 Rc8 12. Nxf6+ Qxf6 13. Qxf6 Nxf6 14. h3 Bxf3 15. gxf3 Rcd8 16. c3 Rd6 17. a4 Rfd8 18. Bc4 Ra8 19. b4 Rc6 20. Bb3 Rxc3+
21. Kb2 Rxf3 22. Rdf1 Rd8 23. Rd1 Rxf2+ 24. Bc2 Rf4 25. Kc3 Nd5+ 26. Kb3 Ne3 27. Rd3 Nxc2 28. Kxc2 Rfxd4 29. Rxd4 Rxd4 30. Kc3 e5
31. h4 f6 32. a5 bxa5 33. bxa5 Kf7 34. Rb1 Rd5 35. Rb7 Rxa5 36. Rxc7+ Kg6 37. Rc4 h5 38. Kb4 Ra1 39. Rc8 a5+ 40. Kb5 a4
41. Kb4 e4 42. Re8 f5 43. Re6+ Kf7 44. Rd6 e3 45. Rd3 e2 46. Re3 e1=Q+ 47. Rxe1 Rxe1 48. Kxa4 Re4+
0-1